00585nam a2200241Ia 4500008004100000020001400041050001100055050001400066100001700080245001100097245002000108260002200128260002600150260000900176300001400185300003100199300001000230650002400240650002800264650002100292700001100313999001900324170711s9999 xx 000 0 und d a740726412 a779.25 bG295 2002 aGeddes, Anne aPure / cby Anne Geddes. aKansas City, MO : bAndrews McMeel Pub.,  c2002 aunpaged : bsome color illustrations ; c32cm. aMother and child -- aPhotography of infants. xPictorial works. aTitle. c339716d339716